000 00576nam a22001817a 4500
999 _c174366
_d174366
005 20200610150000.0
010 _aENG-128184
020 _c500.00
_a9789353227531
035 _aEN-111716
037 _bDBAD/PUB
082 _a158.12
100 _aKarnatak,Ashutosh
245 _aTransformation through 'thinking' Positive/
_cby Ashutosh Karnatak
260 _aNew Delhi
_bPrabhat Prakashan
_c2020
270 _a4/19 Asaf Ali Road
_bNew Delhi
_e110002
_k91-11-23289777
_mprabhatbooks@gmail.com
300 _a239p.
_c22cm(hb)
942 _2ddc
_cEN
_h158.12
_mKAR